Statystyki dla Czy zgadniesz jakiego kraju jest ta flaga? (lvl.ekstremalny)

Kliknij tutaj aby rozwiązać quiz!

Ogólne statystyki

  • Ten quiz został rozwiązany 287 razy
  • Średni wynik to 9 z 22

Statystyki odpowiedzi

Odpowiedź% Poprawnych
Malediwy
82%
Nauru
78%
Wyspy Owcze
74%
Gibraltar
66%
Wyspy Marshalla
66%
Saint Vincent i Grenadyny
60%
Saint Kitts i Nevis
56%
Guam
50%
Wyspy Kokosowe
44%
Samoa Amerykańskie
36%
Aruba
33%
Nowa Kaledonia
32%
Bermudy
30%
Polinezja Francuska
28%
Curaçao
24%
Wyspy Dziewicze Stanów Zjednoczonych
24%
Wyspa Bożego Narodzenia
23%
Mariany Północne
21%
Norfolk
21%
Bonaire
19%
Wallis i Futuna
10%
Georgia Południowa i Sandwich Południowy
8%

Rozkład punktacji

Percentyl według liczby udzielonych odpowiedzi

Procent ludzi z każdym wynikiem

Twoja historia wyników

Nie rozwiązałeś tego quizu